000 00679nam a2200205 a 4500
005 20160219184856.0
008 140114t1995 gw ado fr|||| 00| 0 dan d
020 _a09350497
040 _aCO-BoIAVH
_cCO-BoIAVH
041 0 _ager
044 _agx
082 0 4 _a660.6
_bG38g
110 2 _bGesellschaft fur Biotechnologische Forschung
245 1 0 _aGesellschaft für biotechnologische forschung mbH Braunschweig-Stöckheim
260 _aBraunschweig :
_bGBF,
_cc1995.
300 _a282 páginas :
_bIlustraciones ( algunas a color), gráficos, fotografías ;
_c30 x 21 cm.
650 1 6 _aBiotecnología
650 2 6 _aBiología molecular
942 _cLIBRO
_2ddc
999 _c112
_d112